Principles and Practice of Commerce (Record no. 2642)

MARC details
005 - DATE AND TIME OF LATEST TRANSACTION
control field 20250526070257.0
020 ## - INTERNATIONAL STANDARD BOOK NUMBER
International Standard Book Number 273 42546 3
082 ## - DEWEY DECIMAL CLASSIFICATION NUMBER
Classification number LECT 380.07 STE
100 ## - MAIN ENTRY--PERSONAL NAME
Author name STEPHENSON, J.
245 ## - TITLE STATEMENT
Title Principles and Practice of Commerce
250 ## - EDITION STATEMENT
Edition statement 6th Ed.
260 ## - PUBLICATION, DISTRIBUTION, ETC.
Place of publication, distribution, etc. London,
Name of publisher, distributor, etc. Sir Isaac Pitman and Sons Ltd.
Date of publication, distribution, etc. 1965.
300 ## - PHYSICAL DESCRIPTION
Extent xiv, 616p.: ill.; table.
Other physical details Index.
Dimensions 22cm.
700 ## - ADDED ENTRY--PERSONAL NAME
Other authors/Editors CIANO, J. L. D.
942 ## - ADDED ENTRY ELEMENTS (KOHA)
Source of classification or shelving scheme Dewey Decimal Classification
Koha item type Books
Holdings
Date last seen Total checkouts Full call number Barcode Cost, replacement price Price effective from Koha item type Lost status Source of classification or shelving scheme Damaged status Not for loan Withdrawn status Home library Current library Shelving location Date acquired Cost, normal purchase price
05/26/2025   LECT 380.07 STE 0000009829 30000.00 05/26/2025 Books   Dewey Decimal Classification       College of Business Education Main Library College of Business Education Main Library General Collection 05/26/2025 10000.00